000 00332nam a2200121Ia 4500
008 190216s9999||||xx |||||||||||||| ||und||
100 _aJohn Paul Mueller
245 0 _aVisual C++ 5 From The Ground Up
260 _bTata Mcgrawhill Publishers
_c1998
300 _a704p
650 _a"Computer Programming. Programs, Data"
942 _cBK
999 _c8591
_d8591